Quyết đoán trong 1 phút
সংরক্ষণ করুন:
| প্রধান লেখক: | |
|---|---|
| অন্যান্য লেখক: | |
| বিন্যাস: | গ্রন্থ |
| প্রকাশিত: |
Hà Nội
Phụ nữ
2016
|
| বিষয়গুলি: | |
| ট্যাগগুলো: |
ট্যাগ যুক্ত করুন
কোনো ট্যাগ নেই, প্রথমজন হিসাবে ট্যাগ করুন!
|
| Thư viện lưu trữ: | Trung tâm Học liệu Lê Vũ Hùng, Trường Đại học Đồng Tháp |
|---|
| LEADER | 00762pam a22002538a 4500 | ||
|---|---|---|---|
| 001 | 00040873 | ||
| 005 | 20180124140101.0 | ||
| 008 | 161209s2014 ||||||Chisd | ||
| 020 | # | # | |a 978 604 56 3639 8 |c 59000 |
| 041 | 0 | # | |a Vie |
| 082 | 1 | 4 | |b QU605Đ |a 153.8 |
| 100 | 1 | # | |a Takashi, Ishii |
| 245 | 1 | 0 | |a Quyết đoán trong 1 phút |c Takashi Ishii; Hannah Phan |
| 260 | # | # | |b Phụ nữ |c 2016 |a Hà Nội |
| 300 | # | # | |a 191 tr. |c 19 cm. |
| 653 | # | # | |a Công việc |
| 653 | # | # | |a nghệ thuật |
| 653 | # | # | |a Thành công |
| 653 | # | # | |a Học tập |
| 653 | # | # | |a Kỹ năng sống |
| 700 | 1 | # | |a Hannah, Phan |
| 852 | # | # | |j KD.0023129 |
| 910 | |d 24/01/2018 | ||
| 980 | # | # | |a Trung tâm Học liệu Lê Vũ Hùng, Trường Đại học Đồng Tháp |